[Event "Club élite Barbacane printemps 2025"]
[Site "Blainville CAN"]
[Date "2025.06.07"]
[Round "4"]
[White "Hu, Matthew"]
[Black "He, Yixuan"]
[Result "0-1"]
[WhiteElo "1318"]
[BlackElo "1428"]
[WhiteFideId "-1"]
[WhiteFideId "-1"]
[PlyCount "130"]
[GameId "2192036570713041"]
[EventDate "2025.05.03"]
[EventType "swiss"]
[EventRounds "5"]
[EventCountry "CAN"]

1. e4 e6 2. d3 d5 3. Bd2 g6 4. Nf3 Bg7 5. Bc3 Nf6 6. e5 Nfd7 7. d4 c5 8. Bb5 cxd4 9. Bxd4 a6 10. Bxd7+ Nxd7 11. O-O O-O 12. Nc3 Qc7 13. Qd3 Nxe5 14. Nxe5 Bxe5 15. a4 Bxh2+ 16. Kh1 Be5 17. Rfe1 Bxd4 18. Qxd4 Bd7 19. b4 b5 20. axb5 axb5 21. Rxa8 Rxa8 22. Re3 Qc4 23. Qxc4 dxc4 24. Re5 Rb8 25. Kg1 Kg7 26. Kf1 Kf6 27. Rc5 g5 28. g4 Kg6 29. Ke2 h5 30. Ne4 f6 31. f3 h4 32. Kf2 f5 33. gxf5+ exf5 34. Nd6 Rb6 35. Nxc4 bxc4 36. Rxc4 Kh5 37. c3 h3 38. Kg3 g4 39. f4 Be6 40. Rc7 Kg6 41. Ra7 Bd5 42. Rd7 Be6 43. Rc7 Kf6 44. Rc5 Ke7 45. b5 Kd6 46. Rc6+ Rxc6 47. bxc6 Kxc6 48. Kh2 Kc5 49. Kg3 Kc4 50. Kh2 Kxc3 51. Kg3 Kd3 52. Kh2 Ke4 53. Kg3 Ke3 54. Kh2 Kxf4 55. Kg1 Kg3 56. Kh1 Bd5+ 57. Kg1 h2+ 58. Kf1 h1=Q+ 59. Ke2 Qf3+ 60. Ke1 Qf2+ 61. Kd1 Kf3 62. Kc1 Ke3 63. Kb1 Kd3 64. Ka1 Kc3 65. Kb1 Qb2# 0-1

[Event "Club élite Barbacane printemps 2025"]
[Site "Blainville CAN"]
[Date "2025.06.07"]
[Round "4"]
[White "Langlois, Hugo"]
[Black "Duchesneau-Jutras, Felix"]
[Result "1/2-1/2"]
[WhiteElo "1436"]
[BlackElo "1494"]
[WhiteFideId "-1"]
[WhiteFideId "-1"]
[PlyCount "26"]
[GameId "2192036570713042"]
[EventDate "2025.05.03"]
[EventType "swiss"]
[EventRounds "5"]
[EventCountry "CAN"]

1. e4 c6 2. d4 d5 3. e5 Bf5 4. Nf3 e6 5. Be3 Qb6 6. Qc1 Nd7 7. Nc3 c5 8. Bb5 c4 9. Bxd7+ Kxd7 10. Na4 Qa5+ 11. Nc3 Qb6 12. Na4 Qa5+ 13. Nc3 Qb6 1/2-1/2

[Event "Club élite Barbacane printemps 2025"]
[Site "Blainville CAN"]
[Date "2025.06.07"]
[Round "4"]
[White "Sychev, Danila"]
[Black "Marcotte, Antoine"]
[Result "1-0"]
[WhiteElo "1601"]
[BlackElo "1411"]
[WhiteFideId "-1"]
[WhiteFideId "-1"]
[PlyCount "57"]
[GameId "2192036570708943"]
[EventDate "2025.05.03"]
[EventType "swiss"]
[EventRounds "5"]
[EventCountry "CAN"]

1. e4 e5 2. Nf3 Nc6 3. Bc4 Bc5 4. c3 Nf6 5. d3 O-O 6. O-O h6 7. Nbd2 Re8 8. Re1 a6 9. Nf1 b5 10. Bb3 d6 11. Ng3 Be6 12. Be3 Bxe3 13. fxe3 Na5 14. d4 Qc8 15. Qc2 Rb8 16. Nh4 Nxb3 17. axb3 Ra8 18. Rf1 Qd8 19. Nhf5 g6 20. Nxh6+ Kg7 21. Ngf5+ gxf5 22. Nxf5+ Bxf5 23. Rxf5 Ng8 24. Qf2 Nh6 25. Qg3+ Kf8 26. Rh5 Ng8 27. Rh8 Ke7 28. Qg5+ f6 29. Qg7+ 1-0

[Event "Club élite Barbacane printemps 2025"]
[Site "Blainville CAN"]
[Date "2025.06.07"]
[Round "4"]
[White "Zhang, Vincent"]
[Black "Lupien, Maxime"]
[Result "0-1"]
[WhiteElo "1262"]
[BlackElo "1568"]
[WhiteFideId "-1"]
[WhiteFideId "-1"]
[PlyCount "44"]
[GameId "2192036570708944"]
[EventDate "2025.05.03"]
[EventType "swiss"]
[EventRounds "5"]
[EventCountry "CAN"]

1. d4 d5 2. c4 e6 3. Nc3 a6 4. e3 dxc4 5. Bxc4 b5 6. Qf3 c6 7. Nxb5 axb5 8. Bxb5 Qa5+ 9. Bd2 Qxb5 10. Bc3 Ba6 11. Qe2 Qb7 12. Qd2 Nd7 13. Rc1 O-O-O 14. Nf3 c5 15. Ng5 Qxg2 16. Kd1 Qxh1+ 17. Kc2 Qg2 18. Nxf7 Qg6+ 19. Kb3 c4+ 20. Ka4 Qf5 21. Bb4 Qb5+ 22. Ka3 Qa5# 0-1

[Event "Eastern Ontario op"]
[Site "Ottawa CAN"]
[Date "2025.06.13"]
[Round "1.1"]
[White "Sai, Krishna GV"]
[Black "Zhu, Edison"]
[Result "1-0"]
[WhiteElo "2617"]
[BlackElo "2103"]
[WhiteFideId "-1"]
[WhiteFideId "-1"]
[PlyCount "71"]
[GameId "2189339049992413"]
[EventDate "2025.06.13"]
[EventType "swiss"]
[EventRounds "5"]
[EventCountry "CAN"]
[WhiteClock "0:49:34"]
[BlackClock "0:29:40"]

1. Nf3 {[%emt 0:32:48]} d5 2. g3 c5 {[%emt 0:00:05]} 3. Bg2 {[%emt 0:00:04]} Nf6 {[%emt 0:00:06]} 4. O-O {[%emt 0:00:07]} e6 {[%emt 0:00:07]} 5. d3 {[%emt 0:00:07]} Nc6 {[%emt 0:00:20]} 6. Nbd2 {[%emt 0:00:06]} Bd6 {[%emt 0:02:08]} 7. e4 {[%emt 0:00:06]} d4 {[%emt 0:00:30]} 8. Nc4 {[%emt 0:03:10]} Bc7 {[%emt 0:00:50]} 9. a4 {[%emt 0:00:04]} O-O {[%emt 0:01:11]} 10. Ne1 {[%emt 0:04:14]} e5 {[%emt 0:02:39]} 11. f4 {[%emt 0:00:19]} Bg4 {[%emt 0:01:43]} 12. Qd2 {[%emt 0:31:02]} Be6 13. Bf3 h6 {[%emt 0:11:05]} 14. Na3 {[%emt 0:06:20]} Bh3 {[%emt 0:04:39]} 15. Ng2 {[%emt 0:00:59]} a6 {[%emt 0:01:39]} 16. Rf2 {[%emt 0:01:39]} Bxg2 {[%emt 0:00:39]} 17. Rxg2 {[%emt 0:00:16]} b5 {[%emt 0:00:54]} 18. f5 {[%emt 0:00:03]} Rb8 {[%emt 0:04:46]} 19. h4 {[%emt 0:02:53]} Nh7 {[%emt 0:00:28]} 20. Bd1 {[%emt 0:02:13]} Na5 {[%emt 0:01:32]} 21. Qe1 {[%emt 0:02:24]} c4 {[%emt 0:01:07]} 22. g4 {[%emt 0:00:48]} cxd3 {[%emt 0:02:04]} 23. cxd3 {[%emt 0:05:07]} bxa4 24. g5 {[%emt 0:07:42]} Kh8 {[%emt 0:01:16]} 25. Bxa4 {[%emt 0:01:19]} Rg8 {[%emt 0:06:19]} 26. b4 {[%emt 0:02:44]} Nb7 {[%emt 0:01:36]} 27. Bb3 {[%emt 0:00:08]} Qe7 {[%emt 0:04:35]} 28. g6 {[%emt 0:00:48]} fxg6 {[%emt 0:00:17]} 29. Bxg8 {[%emt 0:00:03]} Rxg8 {[%emt 0:00:13]} 30. Rxg6 {[%emt 0:00:48]} Bd6 {[%emt 0:00:31]} 31. Nc4 {[%emt 0:00:58]} Bxb4 {[%emt 0:00:32]} 32. Qg3 {[%emt 0:00:33]} Nf6 {[%emt 0:00:37]} 33. Rxa6 {[%emt 0:01:02]} Rf8 {[%emt 0:00:31]} 34. Re6 {[%emt 0:01:33]} Qc7 {[%emt 0:00:39]} 35. Bxh6 {[%emt 0:00:23]} gxh6 {[%emt 0:00:42]} 36. Rexf6 {[%emt 0:00:16]} 1-0

[Event "Eastern Ontario op"]
[Site "Ottawa CAN"]
[Date "2025.06.13"]
[Round "1.2"]
[White "Lin, Austin"]
[Black "Rodrigue-Lemieux, Shawn"]
[Result "0-1"]
[WhiteElo "2098"]
[BlackElo "2614"]
[WhiteFideId "-1"]
[WhiteFideId "-1"]
[PlyCount "92"]
[GameId "2189339054289118"]
[EventDate "2025.06.13"]
[EventType "swiss"]
[EventRounds "5"]
[EventCountry "CAN"]
[WhiteClock "0:03:34"]
[BlackClock "0:30:18"]

1. e4 {[%emt 0:00:02]} c6 {[%emt 0:00:30]} 2. d4 {[%emt 0:00:08]} d5 {[%emt 0:00:06]} 3. e5 {[%emt 0:00:06]} Bf5 {[%emt 0:01:28]} 4. Ne2 {[%emt 0:00:07]} e6 {[%emt 0:00:10]} 5. Ng3 {[%emt 0:00:07]} Bg6 {[%emt 0:00:06]} 6. h4 {[%emt 0:00:10]} h5 {[%emt 0:00:33]} 7. c4 {[%emt 0:00:33]} Nd7 {[%emt 0:11:26]} 8. Nc3 {[%emt 0:33:25]} dxc4 9. Bxc4 Nb6 10. Be2 Nh6 {[%emt 0:02:59]} 11. Bg5 {[%emt 0:07:46]} Be7 {[%emt 0:21:13]} 12. Nce4 Bxe4 {[%emt 0:01:59]} 13. Nxe4 {[%emt 0:03:39]} Nf5 {[%emt 0:00:08]} 14. Bxh5 {[%emt 0:18:39]} Bxg5 {[%emt 0:08:22]} 15. Nxg5 {[%emt 0:07:25]} g6 {[%emt 0:01:18]} 16. Nxe6 {[%emt 0:02:45]} Qe7 {[%emt 0:02:34]} 17. Nf4 {[%emt 0:03:04]} gxh5 {[%emt 0:00:39]} 18. Nxh5 {[%emt 0:01:31]} O-O-O {[%emt 0:06:15]} 19. Qg4 {[%emt 0:03:33]} Qe6 {[%emt 0:01:38]} 20. O-O-O {[%emt 0:04:39]} Rdg8 {[%emt 0:02:56]} 21. Qf3 {[%emt 0:03:32]} Qh6+ {[%emt 0:02:28]} 22. Nf4 {[%emt 0:12:55]} Nd5 23. g3 Nxf4 24. Qxf4 Qxf4+ 25. gxf4 Rxh4 26. Rxh4 Nxh4 27. d5 cxd5 28. Rxd5 Rg4 29. Rd4 {[%emt 0:02:05]} Ng6 {[%emt 0:00:21]} 30. Kd2 {[%emt 0:02:34]} Nxe5 {[%emt 0:00:09]} 31. Ke3 {[%emt 0:01:24]} Nc6 {[%emt 0:00:07]} 32. Rc4 {[%emt 0:00:41]} Kd7 {[%emt 0:00:06]} 33. b4 {[%emt 0:01:07]} Rh4 {[%emt 0:00:24]} 34. b5 {[%emt 0:00:50]} Ne7 {[%emt 0:00:15]} 35. Ra4 {[%emt 0:01:13]} Rh5 {[%emt 0:00:19]} 36. Rxa7 {[%emt 0:00:59]} Rxb5 {[%emt 0:00:07]} 37. Ra4 {[%emt 0:00:58]} Nd5+ {[%emt 0:00:14]} 38. Kf3 {[%emt 0:00:49]} Rb4 {[%emt 0:00:05]} 39. Ra5 {[%emt 0:01:20]} Rxf4+ {[%emt 0:00:07]} 40. Kg3 {[%emt 0:00:05]} Rd4 {[%emt 0:00:07]} 41. Ra3 {[%emt 0:01:28]} Rc4 {[%emt 0:00:22]} 42. f3 {[%emt 0:00:14]} Kc6 {[%emt 0:00:15]} 43. Ra8 {[%emt 0:00:57]} f5 {[%emt 0:00:17]} 44. Rc8+ {[%emt 0:00:32]} Kb5 {[%emt 0:00:06]} 45. Rf8 {[%emt 0:00:13]} f4+ {[%emt 0:00:05]} 46. Kg4 {[%emt 0:00:27]} Ra4 {[%emt 0:00:09]} 0-1

[Event "Eastern Ontario op"]
[Site "Ottawa CAN"]
[Date "2025.06.13"]
[Round "1.4"]
[White "Hong, Zihan"]
[Black "Sambuev, Bator"]
[Result "0-1"]
[WhiteElo "2033"]
[BlackElo "2502"]
[WhiteFideId "-1"]
[WhiteFideId "-1"]
[PlyCount "118"]
[GameId "2189339054751973"]
[EventDate "2025.06.13"]
[EventType "swiss"]
[EventRounds "5"]
[EventCountry "CAN"]

1. d4 Nf6 2. Bf4 d5 3. e3 e6 4. Nd2 Bd6 5. Bg3 O-O 6. Bd3 c5 7. c3 Qc7 8. Ngf3 Nbd7 9. Bxd6 Qxd6 10. O-O e5 11. dxe5 Nxe5 12. Nxe5 Qxe5 13. Nf3 Qe7 14. Qc2 Bg4 15. Be2 Rfe8 16. h3 Bh5 17. Rad1 Rad8 18. Rfe1 b6 19. Qa4 h6 20. Nh2 Bxe2 21. Rxe2 Qc7 22. Nf3 Re4 23. Qb3 Rd6 24. Red2 Qd7 25. Nh2 a5 26. Nf1 g6 27. Ng3 Ree6 28. Ne2 a4 29. Qa3 Ne4 30. Rd3 Re5 31. b4 Qc6 32. Nf4 Rf5 33. f3 Ng5 34. c4 d4 35. Nd5 Rfxd5 36. cxd5 Rxd5 37. bxc5 bxc5 38. exd4 cxd4 39. Rc1 Qa6 40. Rcd1 Ne6 41. Qb2 Qc4 42. Kh1 h5 43. Qb8+ Kg7 44. Qb2 h4 45. Qf2 g5 46. a3 Qc7 47. Qb2 Qd7 48. Qd2 Qd6 49. Qb2 Kg8 50. Qd2 Rb5 51. Qc2 Qg3 52. Qc8+ Kg7 53. Qc2 Re5 54. Qd2 Nf4 55. Rg1 Re2 56. Qb4 Rxg2 57. Qxd4+ Kg8 58. Qd8+ Kh7 59. Rdd1 Qh2# 0-1

[Event "Eastern Ontario op"]
[Site "Ottawa CAN"]
[Date "2025.06.13"]
[Round "1.5"]
[White "Jaferian, Koosha"]
[Black "Kellar, Ben"]
[Result "1-0"]
[WhiteElo "2459"]
[BlackElo "2028"]
[WhiteFideId "-1"]
[WhiteFideId "-1"]
[PlyCount "89"]
[GameId "2189339054420191"]
[EventDate "2025.06.13"]
[EventType "swiss"]
[EventRounds "5"]
[EventCountry "CAN"]

1. e4 e6 2. d4 d5 3. Bd3 dxe4 4. Bxe4 Nf6 5. Bf3 c5 6. Ne2 Be7 7. Nbc3 O-O 8. Be3 Nbd7 9. O-O c4 10. Ng3 Nb6 11. Nce4 Nbd5 12. Bd2 Qb6 13. Bc1 Rd8 14. c3 Bd7 15. Qe2 Rac8 16. Nxf6+ Nxf6 17. Bg5 Nd5 18. Bxd5 Bxg5 19. Bxc4 Qa5 20. Bd3 Bc6 21. Rfe1 g6 22. Be4 Bf6 23. Qf3 Bg7 24. Bxc6 Rxc6 25. Ne4 Qc7 26. Nf6+ Bxf6 27. Qxf6 b5 28. h4 Rd5 29. Re5 h5 30. Rae1 Rcd6 31. R1e3 Qd8 32. Qxd8+ Rxd8 33. Rxd5 exd5 34. Re7 a6 35. f3 Kg7 36. Kf2 Kf6 37. Rb7 Rd6 38. Ke3 Re6+ 39. Kd2 Rd6 40. Kd3 Ke6 41. Rc7 Rb6 42. b3 a5 43. Ra7 a4 44. bxa4 bxa4 45. Kc2 1-0

[Event "Eastern Ontario op"]
[Site "Ottawa CAN"]
[Date "2025.06.13"]
[Round "1.6"]
[White "Pelev, Iassen"]
[Black "Chen, Max"]
[Result "1-0"]
[WhiteElo "2017"]
[BlackElo "2392"]
[WhiteFideId "-1"]
[WhiteFideId "-1"]
[PlyCount "79"]
[GameId "2189339054751976"]
[EventDate "2025.06.13"]
[EventType "swiss"]
[EventRounds "5"]
[EventCountry "CAN"]

1. e4 d6 2. d4 Nf6 3. Nc3 e5 4. Nge2 Nc6 5. h3 g6 6. Be3 Bg7 7. Qd2 a6 8. a4 exd4 9. Nxd4 Qe7 10. f3 Nh5 11. Nd5 Qd8 12. Bc4 Be6 13. Nxe6 fxe6 14. Bg5 Qd7 15. Nc3 Nf6 16. O-O O-O 17. Rad1 Kh8 18. Rfe1 Ne5 19. Bb3 Ng8 20. Kh1 b5 21. Qe2 Rfb8 22. Bc1 Nc6 23. Be3 Na5 24. f4 bxa4 25. Bxa4 Qe7 26. e5 Rxb2 27. Bc1 Rbb8 28. Ba3 Nb7 29. Bc6 Qf8 30. Ne4 Ne7 31. Bxb7 Rxb7 32. exd6 cxd6 33. Nxd6 Rc7 34. Qxe6 Nf5 35. Nb5 Ng3+ 36. Kh2 Rc5 37. Bxc5 Qxc5 38. Nd6 Nf5 39. Nf7+ Kg8 40. Nh6+ 1-0

[Event "Eastern Ontario op"]
[Site "Ottawa CAN"]
[Date "2025.06.13"]
[Round "1.7"]
[White "Dukic, Zachary"]
[Black "Pollitt, Henry"]
[Result "1/2-1/2"]
[WhiteElo "2368"]
[BlackElo "1991"]
[WhiteFideId "-1"]
[WhiteFideId "-1"]
[PlyCount "88"]
[GameId "2189339054751975"]
[EventDate "2025.06.13"]
[EventType "swiss"]
[EventRounds "5"]
[EventCountry "CAN"]

1. Nf3 d5 2. g3 Nf6 3. Bg2 Bf5 4. O-O e6 5. c4 c6 6. Qb3 Qb6 7. d3 Nbd7 8. cxd5 Qxb3 9. axb3 exd5 10. Nd4 Bg6 11. Bd2 Bc5 12. Bc3 O-O 13. b4 Bb6 14. Nd2 Rfe8 15. N2b3 Nf8 16. h3 Ne6 17. f4 h6 18. Bf3 Nd7 19. Kg2 Rad8 20. Nc2 Nc7 21. Na5 Bxa5 22. bxa5 Nb5 23. a6 b6 24. Rfe1 Nc5 25. Nb4 Rc8 26. Rad1 Nxc3 27. bxc3 Rc7 28. Rc1 Nb3 29. Rc2 Nc5 30. Ra1 Bf5 31. Ra3 Be6 32. c4 dxc4 33. d4 Nb3 34. Nxc6 Rxc6 35. Bxc6 Nxd4 36. Bxe8 Nxc2 37. Rc3 Nd4 38. e3 Bd5+ 39. Kf2 Nb3 40. e4 Nc5 41. exd5 Ne4+ 42. Ke3 Nxc3 43. Kd4 Ne2+ 44. Kxc4 Kf8 1/2-1/2

[Event "Eastern Ontario op"]
[Site "Ottawa CAN"]
[Date "2025.06.13"]
[Round "1.8"]
[White "Vu, Huy Minh"]
[Black "Latorre, Vincent"]
[Result "0-1"]
[WhiteElo "1960"]
[BlackElo "2362"]
[WhiteFideId "-1"]
[WhiteFideId "-1"]
[PlyCount "56"]
[GameId "2189339054420192"]
[EventDate "2025.06.13"]
[EventType "swiss"]
[EventRounds "5"]
[EventCountry "CAN"]

1. Nf3 g6 2. g3 Bg7 3. Bg2 e5 4. d3 Ne7 5. e4 O-O 6. O-O c5 7. Be3 d6 8. Qd2 Nbc6 9. c3 b6 10. Na3 d5 11. Qc1 d4 12. Bh6 dxc3 13. Bxg7 Kxg7 14. Qxc3 f6 15. Nc2 Be6 16. h3 Qd7 17. Kh2 Rad8 18. Rfd1 Rc8 19. g4 h6 20. Rg1 Rfd8 21. Bf1 a5 22. b3 Nd4 23. Ncxd4 cxd4 24. Qd2 Rc3 25. Be2 Rdc8 26. Ne1 g5 27. Bd1 Ng6 28. Rg3 Qc7 0-1

[Event "Eastern Ontario op"]
[Site "Ottawa CAN"]
[Date "2025.06.13"]
[Round "1.9"]
[White "Demchenko, Svitlana"]
[Black "Filion, Samuel"]
[Result "1-0"]
[WhiteElo "2353"]
[BlackElo "1959"]
[WhiteFideId "-1"]
[WhiteFideId "-1"]
[PlyCount "91"]
[GameId "2189339054751974"]
[EventDate "2025.06.13"]
[EventType "swiss"]
[EventRounds "5"]
[EventCountry "CAN"]

1. d4 d5 2. Nf3 e6 3. Bf4 Nf6 4. e3 Bd6 5. Ne5 O-O 6. Bd3 c5 7. c3 Nc6 8. Bg3 Qc7 9. f4 Nd7 10. Nd2 f5 11. Bh4 Ndxe5 12. fxe5 Be7 13. Bxe7 Qxe7 14. Qe2 a6 15. O-O Bd7 16. Rf2 b5 17. Raf1 c4 18. Bc2 b4 19. g4 g6 20. Rg2 Kh8 21. Nf3 Rf7 22. h4 Rg8 23. Rff2 bxc3 24. bxc3 Qe8 25. Qf1 Ne7 26. Ng5 Rfg7 27. Nh3 Qd8 28. Qe1 Qc8 29. Kh2 Qd8 30. Rf1 Rf8 31. Rfg1 Rfg8 32. Nf4 Qe8 33. Qe2 Qf7 34. Qf3 Qf8 35. Qe2 Qf7 36. Nh3 Qe8 37. Qf2 Qf8 38. Qf4 Qf7 39. Qh6 Qf8 40. Ng5 Qe8 41. gxf5 Nxf5 42. Bxf5 gxf5 43. Nxh7 Rxg2+ 44. Rxg2 Rxg2+ 45. Kxg2 Qg8+ 46. Ng5+ 1-0

[Event "Eastern Ontario op"]
[Site "Ottawa CAN"]
[Date "2025.06.13"]
[Round "1.10"]
[White "Saad Bouzid, Massinissa"]
[Black "Moses, Neil"]
[Result "0-1"]
[WhiteElo "1944"]
[BlackElo "2321"]
[WhiteFideId "-1"]
[WhiteFideId "-1"]
[PlyCount "74"]
[GameId "2189339054420193"]
[EventDate "2025.06.13"]
[EventType "swiss"]
[EventRounds "5"]
[EventCountry "CAN"]

1. d4 d5 2. Nf3 Nf6 3. Bf4 e6 4. e3 Bd6 5. Ne5 O-O 6. Bd3 c5 7. c3 Qc7 8. Bg3 Nc6 9. f4 Ne4 10. Nd2 f5 11. Ndf3 Nxe5 12. fxe5 Be7 13. O-O b5 14. Rc1 c4 15. Bb1 a5 16. Bh4 b4 17. Bxe7 Qxe7 18. Qe1 bxc3 19. bxc3 Rb8 20. Qh4 Qxh4 21. Nxh4 Bd7 22. Bxe4 fxe4 23. Rxf8+ Kxf8 24. Rf1+ Ke7 25. g3 a4 26. Ng2 Rb2 27. Rf2 a3 28. Ne1 Ba4 29. g4 Bb3 30. g5 Bxa2 31. Nc2 Rb3 32. Nb4 Bb1 33. Nc6+ Ke8 34. g6 hxg6 35. Nb4 Rxb4 36. cxb4 a2 37. Rxa2 Bxa2 0-1

[Event "Eastern Ontario op"]
[Site "Ottawa CAN"]
[Date "2025.06.13"]
[Round "1.11"]
[White "Masse, Hugues"]
[Black "Zhu, Edison"]
[Result "1-0"]
[WhiteElo "2259"]
[BlackElo "1940"]
[WhiteFideId "-1"]
[WhiteFideId "-1"]
[PlyCount "113"]
[GameId "2189339054751972"]
[EventDate "2025.06.13"]
[EventType "swiss"]
[EventRounds "5"]
[EventCountry "CAN"]

1. d4 Nf6 2. Bf4 d5 3. e3 c5 4. Nf3 Nc6 5. Nbd2 Nh5 6. dxc5 Nxf4 7. exf4 e6 8. a3 Bxc5 9. b4 Bb6 10. Bd3 Qf6 11. g3 O-O 12. b5 Ne7 13. O-O h6 14. Ne5 Nf5 15. Ndf3 Rd8 16. Qe2 Bc5 17. Rfe1 Nd4 18. Nxd4 Bxd4 19. Rab1 Bxe5 20. fxe5 Qe7 21. a4 b6 22. h4 Bb7 23. Kh2 Rac8 24. Ra1 Qc7 25. Qd2 Qc3 26. Qxc3 Rxc3 27. a5 Rc7 28. Ra4 Bc8 29. axb6 axb6 30. Ra8 Kf8 31. f4 Ke7 32. g4 Bd7 33. Ra6 Rb8 34. Rb1 Bc8 35. Ra4 Rc5 36. Kg3 Rb7 37. Kf3 Rd7 38. Ke3 Rcc7 39. Rba1 f6 40. Kd4 fxe5+ 41. Kxe5 Rc5 42. Rd4 Rcc7 43. Ra8 Bb7 44. Ra1 Bc8 45. h5 Ra7 46. Rg1 Kf8 47. g5 Rf7 48. gxh6 gxh6 49. Rg6 Ra1 50. Rxh6 Re1+ 51. Kd6 Kg7 52. Rh7+ Kg8 53. Rxf7 Kxf7 54. Kc7 e5 55. fxe5 Be6 56. Kd6 Bc8 57. h6 1-0

[Event "Eastern Ontario op"]
[Site "Ottawa CAN"]
[Date "2025.06.13"]
[Round "1.12"]
[White "Graham, Douglas"]
[Black "Wiebe, Isaac"]
[Result "0-1"]
[WhiteElo "1920"]
[BlackElo "2258"]
[WhiteFideId "-1"]
[WhiteFideId "-1"]
[PlyCount "86"]
[GameId "2189339054751970"]
[EventDate "2025.06.13"]
[EventType "swiss"]
[EventRounds "5"]
[EventCountry "CAN"]

1. d4 d5 2. c4 e6 3. Nc3 Nf6 4. Bg5 Be7 5. e3 h6 6. Bh4 O-O 7. cxd5 exd5 8. Bd3 c6 9. Nge2 Re8 10. O-O Nbd7 11. f3 Nf8 12. Bf2 b5 13. e4 dxe4 14. fxe4 Ng4 15. Kh1 Nxf2+ 16. Rxf2 a6 17. Bc2 c5 18. Bb3 c4 19. Bc2 Bb7 20. Nf4 Bh4 21. g3 Bg5 22. d5 Nd7 23. Nce2 Bf6 24. Rb1 Nc5 25. Nh5 Be5 26. Nd4 Qb6 27. Rd2 Rad8 28. Qg4 Qg6 29. Qf3 b4 30. Rf1 Rd7 31. Nf4 Qf6 32. Nf5 Bxb2 33. Nh5 Qc3 34. Qg4 Qxd2 35. Nhxg7 Qg5 36. Nxh6+ Qxh6 37. Nf5+ Qg6 38. Nh6+ Kh7 39. Qh4 Qxh6 40. e5+ Nd3 41. Bxd3+ cxd3 42. Qe4+ Kh8 43. Qxd3 Rxd5 0-1

[Event "Eastern Ontario op"]
[Site "Ottawa CAN"]
[Date "2025.06.14"]
[Round "2.1"]
[White "Yu, Jonathan"]
[Black "Sai, Krishna GV"]
[Result "1/2-1/2"]
[WhiteElo "2233"]
[BlackElo "2617"]
[WhiteFideId "-1"]
[WhiteFideId "-1"]
[PlyCount "109"]
[GameId "2189348135303224"]
[EventDate "2025.06.13"]
[EventType "swiss"]
[EventRounds "5"]
[EventCountry "CAN"]
[WhiteClock "0:02:58"]

1. c4 e5 2. Nc3 Nc6 3. Nf3 f5 4. d4 e4 5. d5 exf3 6. dxc6 fxg2 7. cxd7+ Bxd7 8. Bxg2 Qh4 9. Qd5 c6 10. Qe5+ Be7 11. Be3 Qxc4 12. Rc1 Qf7 13. Qc7 Nf6 14. Qxb7 Rc8 15. Rd1 Qe6 16. O-O O-O 17. Bxa7 Rf7 18. e4 Bf8 19. e5 Ng4 20. Qb3 Qh6 21. h3 Be6 22. Qa4 f4 23. hxg4 f3 24. Be3 Qh4 25. Qe4 fxg2 26. Kxg2 h5 27. f3 hxg4 28. fxg4 Qxg4+ 29. Qxg4 Bxg4 30. Rxf7 Kxf7 31. Rd4 Bf5 32. Ne2 Ke6 33. Bf4 Ra8 34. a3 c5 35. Rd2 Be4+ 36. Kg3 Be7 37. Nc3 Bc6 38. Rh2 Rd8 39. Re2 Rf8 40. Ne4 Rf5 41. Kg4 g6 42. Re1 Kd5 43. Ng3 Rf8 44. e6 Kc4 45. Ne4 Kb3 46. Bg5 Bxg5 47. Kxg5 Kxb2 48. e7 Rb8 49. Nd6 Kxa3 50. Kxg6 Kb2 51. Kf7 Kc3 52. e8=Q Bxe8+ 53. Rxe8 Rxe8 54. Kxe8 c4 55. Nxc4 1/2-1/2

[Event "Eastern Ontario op"]
[Site "Ottawa CAN"]
[Date "2025.06.14"]
[Round "2.2"]
[White "Rodrigue-Lemieux, Shawn"]
[Black "Lattafi, Youcef"]
[Result "1-0"]
[WhiteElo "2614"]
[BlackElo "2236"]
[WhiteFideId "-1"]
[WhiteFideId "-1"]
[PlyCount "67"]
[GameId "2189339054751977"]
[EventDate "2025.06.13"]
[EventType "swiss"]
[EventRounds "5"]
[EventCountry "CAN"]
[WhiteClock "0:10:25"]
[BlackClock "0:00:31"]

1. c4 e5 2. g3 Nc6 3. Nc3 f5 4. Nf3 Nf6 5. d4 e4 {[%emt 0:00:26]} 6. Nh4 {[%emt 0:00:22]} d5 {[%emt 0:02:00]} 7. Bg5 {[%emt 0:04:32]} dxc4 {[%emt 0:05:25]} 8. e3 {[%emt 0:01:14]} Bb4 {[%emt 0:06:49]} 9. Bxc4 {[%emt 0:07:58]} Bd7 {[%emt 0:01:16]} 10. O-O {[%emt 0:10:01]} Bxc3 {[%emt 0:06:56]} 11. bxc3 {[%emt 0:00:07]} Qe7 {[%emt 0:00:31]} 12. Rb1 {[%emt 0:23:07]} O-O-O 13. Rb5 g6 {[%emt 0:13:36]} 14. Qb3 b6 15. Rb1 Qg7 {[%emt 0:04:57]} 16. Bf4 {[%emt 0:08:41]} Rde8 {[%emt 0:10:39]} 17. Qa4 {[%emt 0:12:31]} Kd8 {[%emt 0:13:16]} 18. Qa6 {[%emt 0:04:45]} Bc8 {[%emt 0:03:17]} 19. Qa3 {[%emt 0:03:11]} g5 {[%emt 0:03:56]} 20. Nxf5 {[%emt 0:03:41]} Bxf5 {[%emt 0:00:18]} 21. Rxf5 {[%emt 0:00:04]} gxf4 {[%emt 0:00:20]} 22. Bb5 {[%emt 0:00:17]} fxg3 {[%emt 0:04:20]} 23. fxg3 {[%emt 0:03:41]} Ne7 {[%emt 0:04:19]} 24. Rff1 {[%emt 0:04:29]} Ref8 {[%emt 0:02:07]} 25. Qxa7 {[%emt 0:00:26]} Nc8 {[%emt 0:00:57]} 26. Qa8 {[%emt 0:01:10]} h5 {[%emt 0:02:12]} 27. Ba6 {[%emt 0:01:53]} Qd7 {[%emt 0:01:49]} 28. Rb5 {[%emt 0:02:55]} Qh3 {[%emt 0:03:10]} 29. Rff5 {[%emt 0:02:45]} Ke7 {[%emt 0:00:57]} 30. Rbe5+ {[%emt 0:00:23]} Kf7 {[%emt 0:01:19]} 31. Bxc8 {[%emt 0:00:11]} Rxc8 {[%emt 0:00:55]} 32. Qd5+ {[%emt 0:00:08]} Kg6 {[%emt 0:00:31]} 33. Rg5+ {[%emt 0:00:06]} Kh6 {[%emt 0:00:36]} 34. Qf7 {[%emt 0:00:07]} 1-0

[Event "Eastern Ontario op"]
[Site "Ottawa CAN"]
[Date "2025.06.14"]
[Round "2.4"]
[White "Sambuev, Bator"]
[Black "Rousskikh, Maxim"]
[Result "1-0"]
[WhiteElo "2502"]
[BlackElo "2211"]
[WhiteFideId "-1"]
[WhiteFideId "-1"]
[PlyCount "47"]
[GameId "2189339054751980"]
[EventDate "2025.06.13"]
[EventType "swiss"]
[EventRounds "5"]
[EventCountry "CAN"]

1. Nf3 d5 2. e3 Nf6 3. b3 Bg4 4. Bb2 e6 5. h3 Bh5 6. g4 Bg6 7. Ne5 Nfd7 8. Nxg6 hxg6 9. Bg2 c6 10. d3 a5 11. a3 Rh7 12. Nd2 Na6 13. Qe2 Qb6 14. O-O Bd6 15. c4 O-O-O 16. Rfc1 Rdh8 17. cxd5 exd5 18. Qf3 f5 19. gxf5 gxf5 20. Qxd5 Be7 21. Qxf5 Rh5 22. Qg4 Qb5 23. Rc4 a4 24. Bxg7 1-0

[Event "Eastern Ontario op"]
[Site "Ottawa CAN"]
[Date "2025.06.14"]
[Round "2.5"]
[White "Monaghan, Jim"]
[Black "Jaferian, Koosha"]
[Result "0-1"]
[WhiteElo "2184"]
[BlackElo "2459"]
[WhiteFideId "-1"]
[WhiteFideId "-1"]
[PlyCount "78"]
[GameId "2189339054751979"]
[EventDate "2025.06.13"]
[EventType "swiss"]
[EventRounds "5"]
[EventCountry "CAN"]

1. e4 c6 2. d3 d5 3. Nd2 g6 4. Ngf3 Bg7 5. Be2 e5 6. O-O Ne7 7. c3 O-O 8. Qc2 h6 9. Re1 Qc7 10. Bf1 Be6 11. b4 a5 12. bxa5 Rxa5 13. Nb3 Ra8 14. d4 dxe4 15. Nxe5 Bf5 16. g4 Bc8 17. Qxe4 Nd5 18. Bd2 Nd7 19. h3 N5f6 20. Qf3 Nxe5 21. dxe5 Nd7 22. Bf4 Nxe5 23. Qg3 Re8 24. Nc5 g5 25. Bd2 Qd8 26. Rad1 Rxa2 27. Bf4 Qe7 28. Bxe5 Bxe5 29. Rxe5 Qxe5 30. Qxe5 Rxe5 31. Rd8+ Kg7 32. Nd3 Rd5 33. Rxc8 Ra1 34. Kg2 Rxf1 35. Nb4 Rdd1 36. Rc7 Rg1+ 37. Kf3 Rc1 38. Rxb7 Rxc3+ 39. Ke2 Rb1 0-1